00423cam a2200157ua 4500001000400000008003900004020001800043040000900061082001200070245004400082250003800126260003800164300001700202653002200219653002400241695110412n ii |||gr||||Z||||||eng a81-7072-020-6 cMAIN a320.9541 aConcern of politicsbThe indian context a1st / bedited by K.C. Markandan. aJalandhar:bABS publications,989. a325p:c20cm. aPolitical science aConcern of politics